000 00656nam a2200229 u 4500
999 _c148643
_d148643
003 UPN
005 20220526063415.0
008 100615s2005 es r 000 0 spa d
020 _a8426134947
035 _aUPN01000176540
040 _aUPN
_bspa
_cUPN
049 _aI
050 4 _aPZ78
_bP4.2
100 1 _aPerrault, Charles,
_d1628-1703
_929829
245 1 0 _aCuentos de Charles Perrault /
_cCharles Perrault ; il. de Clara Calvo Salvador.
260 _aBarcelona, Esp. :
_bJuventud,
_c2005.
300 _a93 p. :
_bil.
440 0 _aCuentos universales
650 0 _aCuentos infantiles franceses
_98588
905 _aInfantil
942 _2lcc
_cLIBRO